Andrew Tsui
Canyon Crest A
Categories
Science - Biology | 4 | 4 | 0 | 0 | 100 | 40 | 66.75 | 0 | 2 |
Fine Arts - Painting | 0 | 5 | 0 | 0 | 50 | 66 | 96.80 | 0 | 0 |
History - American | 1 | 3 | 0 | 0 | 45 | 14 | 70.00 | 1 | 1 |
Science - Chemistry | 1 | 1 | 0 | 0 | 25 | 61 | 68.00 | 0 | 0 |
History - European | 0 | 2 | 0 | 0 | 20 | 60 | 69.50 | 0 | 0 |
Science - Engineering and Miscellaneous | 1 | 0 | 0 | 0 | 15 | 34 | 34.00 | 1 | 1 |
Other - Other Academic and General Knowledge | 0 | 1 | 0 | 0 | 10 | 81 | 81.00 | 0 | 0 |
History - World | 0 | 1 | 0 | 0 | 10 | 67 | 67.00 | 0 | 0 |
RMP - Hebrew Bible | 0 | 1 | 0 | 0 | 10 | 85 | 85.00 | 0 | 0 |
Current Events - World | 0 | 0 | 0 | 0 | 0 | 0.00 | 0 | 0 |